000
00322nam a2200133Ia 4500
008
240624s9999 xx 000 0 und d
041
_a
eng
082
_a
005.7575 ABB
100
_a
ABBEY MICHAEL
245
_a
ORACLE9I A BEGINNERS GUIDE
260
_c
2002
_a
New Delhi
_b
Tata McGrawhill
300
_a
xxiv, : 515
365
_c
RS
999
_c
628
_d
628